Elementos de Matemática

محفوظ في:
التفاصيل البيبلوغرافية
المؤلف الرئيسي: Bails, Benito (مؤلف)
التنسيق: كتاب
اللغة:الإسبانية
منشور في: Madrid Joachin Ibarra 1779
الموضوعات:
الوسوم: إضافة وسم
لا توجد وسوم, كن أول من يضع وسما على هذه التسجيلة!

MARC

LEADER 00000nam a2200000 a 4500
001 UCH2428
003 CL-VaPUC
008 090611e17790000SP |||||||||||||||||spa|d
082 0 4 |a 511.3  |b BAI  |2 21 
100 0 |a Bails, Benito  |e author  |9 537237 
245 1 0 |a Elementos de Matemática 
300 |a 549 p 
942 |c BK 
945 |d 20090611 00:00:00  |a dcastane 
260 |a Madrid  |b Joachin Ibarra  |c 1779 
650 0 |a Matemáticas  |x Enseñanza  |9 875527 
650 7 |a SUMA Y RESTA  |2 CL-VaPUC  |9 537239 
650 7 |a MULTIPLICACION Y DIVISION  |2 CL-VaPUC  |9 537240 
650 0 |a Geometría   |9 264063 
650 0 |a Trigonometría   |9 259568 
583 |a last modification  |c 20090611 00:00:00  |k Rodrigo Vera 
999 |c 334168  |d 334166 
952 |0 0  |1 0  |4 0  |6 511_300000000000000_BAI_1779  |7 0  |8 X  |9 423002  |a FDOBUD  |b FDOBUD  |d 2019-11-22  |i 4555805  |o 511.3 BAI 1779  |p 4555805  |r 2019-11-22  |w 2019-11-22  |y BK_X  |k BUD